Historické pohlednice břeclavského regionu. - Breclav : Europrinty. - 2008 [Rezension]
| Titel: | Historické pohlednice břeclavského regionu. - Breclav : Europrinty. - 2008 [Rezension] |
|---|---|
| Verfasser: | |
| In: |
Jižní Morava, Band 44, Heft 47 (2008), Seite 264-266 alle Artikel anzeigen |
| Veröffentlicht: | 2008 |
| Format: | Aufsatz |
| Sprache: | Tschechisch |
X
alg: 39518928 001A $01999:12-11-16 001B $01999:09-08-21 $t17:42:35.000 001D $01999:12-11-16 001U $0utf8 001X $00 002@ $0Aox 003@ $0395189284 007A $0395189284 $aHEB 007T $0Herdp29601 010@ $acze 011@ $a2008 021A $aHistorické pohlednice břeclavského regionu. - Breclav : Europrinty. - 2008 [Rezension] 028A $aFišer $dZdeněk 031A $d44 $e47 $h264-266 $j2008 039B $aIn $8--Abvc--. Jižní Morava. - Mikulov : Státní okresní archiv Břeclav se sídlem v Mikulově, 1966-. - ISSN 0449-0436 $x200800000440047736 $9048246115 039T $8--Aaxaf--. Historické pohlednice břeclavského regionu. - 1. vyd.. - Breclav : Europrinty, 2008. - 313 S.. - zahlr. Ill.. - ISBN 978-80-254-0562-8 $9202652947 045F $a900.94371 $eDDC23BSB 045F/01 $a900 045F/03 $g4371 045T $aOST $qDE-12 $2FID lok: 39518928 78 exp: 39518928 78 1 #EPN 201B/01 $026-11-17 $t04:10:07.000 201U/01 $0utf8 203@/01 $0791505804 208@/01 $a12-11-16 $be 209A/01 $a/ $f000 $x00 220C/01 $aHerkunft: Hú Av Čr Praha 244Z/01 $#Tschechien $#Tschechische Republik $#Tschechische Republik $#Tschechenland $#Tschechei Tschechien $#Česká Republika $#Czech Republic $#ČR $74303381-7 $8--Tg1--Tschechien $x01 $9086659812 244Z/01 $2Trx $#Böhmen $#Bohemia $#Czechy $8--Trx--Čechy $x02 $9391188941 244Z/01 $2Trx $#arvustused $#recenzijos $#Reviews $#recenziók $#recenzje $#recenzie $#recenze $8--Trx--Rezensionen $x03 $9391357441 247C/01 $82080>Marburg/Lahn, Herder-Institut, Forschungsbibliothek, Bibliographieportal $9336309341
| LEADER | 00000caa a22000002c 4500 | ||
|---|---|---|---|
| 001 | 395189284 | ||
| 003 | DE-603 | ||
| 005 | 20210809174235.0 | ||
| 007 | tu | ||
| 008 | 161112s2008 xx |||| | u00||u|cze c | ||
| 035 | |a (DE-599)HEB395189284 | ||
| 040 | |a DE-603 |b ger |c DE-603 |d DE-603 | ||
| 041 | |a cze | ||
| 082 | 0 | 4 | |8 1\u |a 900.94371 |q DE-101 |2 23/BSB |
| 084 | |a OST |q DE-12 |2 fid | ||
| 085 | |8 1\u |b 900 | ||
| 085 | |8 1\u |z 2 |s 4371 | ||
| 100 | 1 | |a Fišer, Zdeněk | |
| 245 | 0 | 0 | |a Historické pohlednice břeclavského regionu. - Breclav : Europrinty. - 2008 [Rezension] |
| 264 | 0 | |c 2008 | |
| 773 | 0 | 8 | |i In |t Jižní Morava |d Mikulov : Státní okresní archiv Břeclav se sídlem v Mikulově, 1966- |x 0449-0436 |g Band 44, Heft 47 (2008), Seite 264-266 |w (DE-603)048246115 |w (DE-600)958925-9 |
| 787 | 0 | 8 | |i Rezension von |t Historické pohlednice břeclavského regionu |b 1. vyd. |d Breclav : Europrinty, 2008 |h 313 S., zahlr. Ill. |z 9788025405628 |w (DE-603)202652947 |
| 924 | 0 | |9 2080 |a (DE-603)791505804 |b DE-2080 |c HES |d d |g / | |


